WHITE COLLA WORKERRS IN AMERICA (Record no. 16616)
[ view plain ]
| 000 -LEADER | |
|---|---|
| fixed length control field | 09239nam a22001457a 4500 |
| 082 ## - DEWEY DECIMAL CLASSIFICATION NUMBER | |
| Classification number | 331.7920973 KOC |
| 100 ## - MAIN ENTRY--PERSONAL NAME | |
| Personal name | KOCKA,JURGEN |
| 245 ## - TITLE STATEMENT | |
| Title | WHITE COLLA WORKERRS IN AMERICA |
| 260 ## - PUBLICATION, DISTRIBUTION, ETC. | |
| Place of publication, distribution, etc. | LONDON |
| Name of publisher, distributor, etc. | SAGE |
| Date of publication, distribution, etc. | 1890- 19 4 0 1 18 9 0 |
| 300 ## - PHYSICAL DESCRIPTION | |
| Extent | v,403p. |
| Other physical details | 22cm |
| 500 ## - GENERAL NOTE | |
| General note | Include Index |
| 520 ## - SUMMARY, ETC. | |
| Summary, etc. | |
| 650 ## - SUBJECT ADDED ENTRY--TOPICAL TERM | |
| Topical term or geographic name entry element | A SOCIAL-POLITICAL HISTOTORY IN INTERNAONAL |
| 942 ## - ADDED ENTRY ELEMENTS (KOHA) | |
| Koha item type | Books |
| Withdrawn status | Lost status | Damaged status | Not for loan | Home library | Current library | Shelving location | Date acquired | Total Checkouts | Full call number | Barcode | Date last seen | Price effective from | Koha item type |
|---|---|---|---|---|---|---|---|---|---|---|---|---|---|
| Withdrawn | IFM Main Campus Library | IFM Main Campus Library | Archival Collection | 10/03/2016 | 331.7920973 KOC | 0000000587 | 10/03/2016 | 02/19/2022 | Books |
